Представление документа в формате MARC21

Поле Инд. ПП Название Значение
Тип записи a
Библиографический уровень m
001 Контрольный номер d177f8d0-6bc7-4b5d-980f-a419e915598d
005 Дата корректировки 20131112053637.8
008 Кодируемые данные 000323 d
020 c Цена, тираж 10.00
040 a Служба первич. каталог. НБ ТвГУ
041 a Код языка текста rus
080 a Индекс УДК 947.0.331-21Старица
084 a Индекс другой классификации/Индекс ББК Т3(2РОС-4ТВЕ-2СТА)
a Индекс другой классификации/Индекс ББК С59(2РОС-4ТВЕ-2СТА)21
a Индекс другой классификации/Индекс ББК Ш141.12-314
090 x Авторский знак Ф76
a Полочн. индекс Т3(2РОС)
100 1_ a Автор Фомиченко Николай Алексеевич
245 0_ a Заглавие Социальная топонимия города Старицы
b Продолж. заглавия Учеб. пособие
c Ответственность Н.А. Фомиченко; Твер. гос. ун-т
260 0_ a Место издания Тверь
b Издательство Тверской государственный университет
c Дата издания 1998
300 a Объем 66 с.
b Иллюстрации/ тип воспроизводства ил.
504 a Библиография Библиогр. в примеч.: с.44-66.
583 a Действие Получение впервые 517 04.11.98
k Исполнитель действия РИО
583 a Действие Приписка 05.04.2006
k Исполнитель действия Дар б-ки им.Горького
650 a Основная рубрика Старица, город
x Основная подрубрика История
z Географическая подрубрика Тверская область
650 a Основная рубрика Малые города Тверской области
x Основная подрубрика Историческая социология
650 a Основная рубрика Русский язык
x Основная подрубрика Лексикология
x Основная подрубрика Топонимика
653 a Ключевые слова Старица
a Ключевые слова История Старицы
a Ключевые слова История Тверской области
a Ключевые слова Социальная топонимия
a Ключевые слова Тверская область
a Ключевые слова Малые города
a Ключевые слова Топонимика
a Ключевые слова Русский язык
a Ключевые слова Лексикология русского языка
a Ключевые слова Русская топонимика
a Ключевые слова Старицкий район
a Ключевые слова Тверская область
a Ключевые слова Краеведение
852 t Порядковый номер экземпляра 2
p Инвентарный номер 701472
p Инвентарный номер 701473
852 t Порядковый номер экземпляра 8
p Инвентарный номер 701474
p Инвентарный номер 701475
p Инвентарный номер 701476
p Инвентарный номер 701477
p Инвентарный номер 701478
p Инвентарный номер 701479
p Инвентарный номер 701480
p Инвентарный номер 701481
852 t Порядковый номер экземпляра 1
p Инвентарный номер 837215 10.00
888 a Бесплатные
930 a Новая/Ретро краеведение
a Новая/Ретро учебники
952 p 517.98 10.00 1 701472
p 517.98 10.00 1 701473
p 517.98 10.00 1 701474
p 517.98 10.00 1 701475
p 517.98 10.00 1 701476
p 517.98 10.00 1 701477
p 517.98 10.00 1 701478
p 517.98 10.00 1 701479
p 517.98 10.00 1 701480
p 517.98 10.00 1 701481
c Вид литературы К ру
952 p 112.2006 10.00 1 837215
954 a Дата поступления на обработку 19981105
999 a Подразделение 2 ч.з.
a Подразделение 2 уч.о
a Подразделение 2 ОРК